000 05118cam a2201081 a 4500
999 _c54571
001 9457475
003 LIBRIS
005 20201117133012.0
008 040414s2004 sw |||||||||||000 f|swe|
020 _a9146203915
_qinb.
035 _a(Bo)350156
035 _aBTJ458242290
035 _a(Mo)b1522768
040 _aNB
_ea
041 1 _aswe
_heng
082 0 4 _a823
_222 (machine generated)
084 _aHe.01=c
_2kssb/7
084 _aHcee.01
_2kssb/7
084 _aHcee.01
_2kssb/8
100 1 _aTrollope, Joanna
245 0 0 _aSyster och bror /
_cJoanna Trollope ; översättning av Johan Nilsson.
264 1 _aStockholm :
_bWahlström & Widstrand,
_c2004
264 3 _aFinland
300 _a318, [1] s.
_c24 cm
340 _b24 cm
500 _aFörsta svenska upplaga 2004
500 _5Bo
_aAnnan upplaga kan finnas vid biblioteket
500 _5Li
_aPliktex.
500 _5Mo
_aOrig:s titel: Brother and sister
500 _5Mo
_aFörsta svenska upplaga
500 _5Mo
_asvenska
653 _aSkönlitteratur
653 _aAdoption
653 _aSyskon
655 4 _5Mo
_aBok
700 1 _aNilsson, Johan,
_d1964-
_4trl
_0https://libris.kb.se/vs68bvsd4twh80f#it
887 _a{"@id":"tb43hfg50tjj4zx","modified":"2016-01-12T16:43:11+01:00","checksum":"35095581776"}
_2librisxl
887 _a{"@id":"tz5txq6034g1vxw","modified":"2014-08-25T12:13:37+02:00","checksum":"63263880078"}
_2librisxl
887 _a{"@id":"8dmj880f1q5slbm","modified":"2016-01-25T11:29:38+01:00","checksum":"62752970947"}
_2librisxl
887 _a{"@id":"djqcsrtk5s3662q","modified":"2014-04-01T11:08:22+02:00","checksum":"53286187805"}
_2librisxl
887 _a{"@id":"mrxpgqbs1l0jbdj","modified":"2004-04-26T10:48:36+02:00","checksum":"69081246402"}
_2librisxl
887 _a{"@id":"6bjhl4pc4n5vfxr","modified":"2008-08-20T11:36:58+02:00","checksum":"66574041723"}
_2librisxl
887 _a{"@id":"qv1snwfw0lhmg1n","modified":"2017-02-08T11:50:32+01:00","checksum":"62006784536"}
_2librisxl
887 _a{"@id":"26c454173sn3877","modified":"2004-08-16T13:23:02+02:00","checksum":"59097807000"}
_2librisxl
887 _a{"@id":"fkqh80bl43qnc3d","modified":"2004-04-19T10:30:33+02:00","checksum":"26645919882"}
_2librisxl
887 _a{"@id":"mrxpghrs57cvls9","modified":"2014-12-09T16:25:18+01:00","checksum":"53029806341"}
_2librisxl
887 _a{"@id":"mrxpr75s47fr3xh","modified":"2009-12-14T10:57:43+01:00","checksum":"61470655871"}
_2librisxl
887 _a{"@id":"04c5p5d550t855p","modified":"2015-06-22T10:19:32+02:00","checksum":"61448404966"}
_2librisxl
887 _a{"@id":"ns00kkmt0bgs8pn","modified":"2009-03-03T13:29:33+01:00","checksum":"76132443539"}
_2librisxl
887 _a{"@id":"6bh81f1c4m75sg2","modified":"2004-04-14T11:26:05+02:00","checksum":"63245776685"}
_2librisxl
887 _a{"@id":"bgmd5k5h4qqf11z","modified":"2004-04-14T11:26:35+02:00","checksum":"66812340995"}
_2librisxl
887 _a{"@id":"8dkb3h3f0wbz4xl","modified":"2004-04-14T11:26:12+02:00","checksum":"64394955996"}
_2librisxl
887 _a{"@id":"lqx8llqr2ldwb2s","modified":"2011-12-06T15:14:11+01:00","checksum":"65791981291"}
_2librisxl
887 _a{"@id":"7cj9216d0m98m0n","modified":"2004-04-21T11:11:02+02:00","checksum":"23698521228"}
_2librisxl
887 _a{"@id":"sx4t8hcz574w3h9","modified":"2014-08-21T10:16:58+02:00","checksum":"64959205894"}
_2librisxl
942 _2z
_cBOOK